000 00691nam a2200241 a 4500
001 61119
003 BD-RjUL
005 20211209080926.0
008 170115s1954 enka 000 0 eng d
035 _a(BD-RjUL) 61243
035 _a(OCoLC)2753854
040 _aDLC
_cGStG
_dUk
_dDLC
_dBD-RjUL
_beng
041 _aeng
082 _223
_a657.04
_bACC 1954
245 1 4 _aThe accounting field /
260 _aLondon :
_bEnglish Universities Press,
_c1954
300 _a291 p. :
_bill. ;
_c23 cm.
650 0 _aAccounting.
_9175106
650 0 _aCorporations
_zGreat Britain
_xFinance.
_9180569
700 _aCousins, Donald, editor
_9182392
942 _2ddc
_cBK
999 _c61119
_d61119